El lazarillo contado por los niños / (Registro nro. 12600)

Detalles MARC
000 -LEADER
fixed length control field 00784nam a22002417a 4500
003 - CONTROL NUMBER IDENTIFIER
control field DO-SdBNP
005 - DATE AND TIME OF LATEST TRANSACTION
control field 20170801142254.0
008 - FIXED-LENGTH DATA ELEMENTS--GENERAL INFORMATION
fixed length control field 170731b 2009 sp 0 spa d
020 ## - INTERNATIONAL STANDARD BOOK NUMBER
International Standard Book Number 9788423678891
040 ## - CATALOGING SOURCE
Original cataloging agency BPMSU
Language of cataloging spa
Transcribing agency BPMSU
100 ## - MAIN ENTRY--PERSONAL NAME
Personal name Navarro Durán, Rosa
245 ## - TITLE STATEMENT
Title El lazarillo contado por los niños /
Statement of responsibility, etc. Rosa Navarro Durán ; ilustraciones de Frances Rovira
250 ## - EDITION STATEMENT
Edition statement 6a. ed.
260 ## - PUBLICATION, DISTRIBUTION, ETC. (IMPRINT)
Place of publication, distribution, etc. [Madrid]:
Name of publisher, distributor, etc. edebé,
Date of publication, distribution, etc. 2009
300 ## - PHYSICAL DESCRIPTION
Extent 169 p. :
Other physical details il. ;
Dimensions 24 cm.
490 ## - SERIES STATEMENT
Series statement Clásicos contados a los ñiños
500 ## - GENERAL NOTE
General note Datos tomados de la cubierta
600 ## - SUBJECT ADDED ENTRY--PERSONAL NAME
Personal name Clásicos contados a los ñiños
700 ## - ADDED ENTRY--PERSONAL NAME
Personal name Frances Rovira
Relator term ilustración
830 ## - SERIES ADDED ENTRY--UNIFORM TITLE
Uniform title Clásicos contados a los ñiños
942 ## - ADDED ENTRY ELEMENTS (KOHA)
Source of classification or shelving scheme Dewey Decimal Classification
Koha item type Libros
956 ## - LOCAL ELECTRONIC LOCATION AND ACCESS (OCLC)
Host name VMATEO
Access number 10
Compression information 20170731
Path BPMSU
Electronic name 0069

No hay ítems disponibles.